000 00308nam a2200121Ia 4500
005 20251222155145.0
008 251222s9999||||xx |||||||||||||| ||spa||
082 _aANT.19
100 _aCASANOVA LENTI Carlos.
245 0 _aNaturopathy According to Hippocrates
264 _bCarlos Casanova L.
942 _cLIB
999 _c39322
_d39322